000 00502nam a2200193 a 4500
001 1771067063669
003 YourLibrary
005 20260214163805.0
008 260214s2006##################000#0#eng##
020 _a9780415328777
082 0 4 _a306.70835
_bAGG
100 1 _aAggleton, Peter,
_eauthor.
245 1 0 _aSex, Drugs and Young People :
260 _bPsychology Press,
_c2006.
300 _a248 pages
650 0 _aEducation.
942 _cENGLISH
040 _aYourLibrary
_beng
_cYourLibrary
999 _c612548
_d612548